000 004310000a22001810004500
003 LK-CoMWRAF
008 230817t ||||| |||| 00| 0 eng d
040 _aLK-CoMWRAF
_dLK-CoMWRAF
_eLK-CoMWRAF
041 _aeng
082 _a800
_bKOP
100 _aKopmeyer, M.R
245 _aIdho Uthavi
_b
250 _a9th.ed
260 _aChennai
_bKannadhasan Pathippagam
_c1997
300 _ap.320
650 _aLiterature
942 _cBK
999 _c2726
_d2726